| Record ID | marc_records_scriblio_net/part08.dat:151293818:690 |
| Source | Scriblio |
| Download Link | /show-records/marc_records_scriblio_net/part08.dat:151293818:690?format=raw |
LEADER: 00690cam 2200229 4500
001 75154828 //r96
003 DLC
005 19961121174918.7
008 710721s1971 nyu b 00110 eng
010 $a 75154828 //r96
040 $aDLC$cDLC$dDLC
043 $ae------
050 00 $aJN7$b.E7
082 00 $a320.9/4
100 10 $aErgang, Robert Reinhold,$d1898-
245 10 $aEmergence of the national state$c[by] Robert Ergang.
260 0 $aNew York,$bVan Nostrand Reinhold$c[1971]
300 $avi, 249 p.$c19 cm.
490 0 $aAn Anvil original, 107
504 $aBibliography: p. 244-245.
651 0 $aEurope$xPolitics and government$y476-1492.
650 0 $aConstitutional history, Medieval.